000 00679nam a2200193 a 4500
008 130405s2010 ||||||||||||||||| || u
020 _a9780415480963
050 _aKD 19.B1 Sla
100 _aSlapper, Gary
245 1 4 _aThe English Legal System. (10th ed.)
_cby Gary Slapper and David Kelly
250 _a10th ed.
260 _aAbingdon:
_bRoutledge-Cavendish
_c2010
300 _axviii, 660p.
500 _aincludes general readings
650 _aLAW--ENGLAND
650 _aWALES--LAW
700 _aKelly, David
995 _FCBU-MAIN LIBRARY (Kitwe)
_M1
_UAVAILABLE
_WMay 22, 2013
_ZMain Library Open Access Collection
999 _c42043
_d42043